Normal view
MARC view
- THOMSON, WILLIAM T, EMERITUS
Entry Personal Name
001 - CONTROL NUMBER
- control field: 67794
003 - CONTROL NUMBER IDENTIFIER
- control field: NUST
005 - DATE AND TIME OF LATEST TRANSACTION
- control field: 20210628203914.0
008 - FIXED-LENGTH DATA ELEMENTS
- fixed length control field: 210628|| aca||aabn | a|a d
040 ## - CATALOGING SOURCE
- Original cataloging agency: NUST
- Transcribing agency: NUST
100 ## - HEADING--PERSONAL NAME
- Personal name: THOMSON, WILLIAM T, EMERITUS
670 ## - SOURCE DATA FOUND
- Source citation: Work cat.: (NUST): THOMSON, WILLIAM T, EMERITUS, THEORY OF VIBRATION WITH APPLICAITONS, 1972
